| 000 | 01341nam a2200229 a 4500 | ||
|---|---|---|---|
| 001 | 000022268 | ||
| 005 | 20240422101417.0 | ||
| 008 | 100921s2003 dr c 000 0 spa d | ||
| 040 |
_aDO-SdBNP _bspa _cBNPHU |
||
| 082 |
_a972.93052 _bV335i |
||
| 100 | 1 |
_aVásquez Romero, José L., _d1959- _946019 |
|
| 245 | 1 | 3 |
_aLa intervención de 1916 vencidos y vencedores : _bun análisis sobre el gobierno militar estadounidense en Santo Domingo / _cJosé L. Vásquez Romero ; prólogo Franklín J. Franco Pichardo. |
| 260 |
_aSanto Domingo : _bTrebol, _c2003. |
||
| 300 |
_a265 p. : _bretrs. ; _c22 cm. |
||
| 500 | _aIncluye notas al pie de páginas | ||
| 500 | _aIncluye datos biográficos del autor en la solapa de la cubierta | ||
| 504 | _aBibliografías : p. 257-265 | ||
| 505 | 2 | _aAntecedentes de la Ocupación de 1916 - Las privaciones a las libertades públicas y sus implicaciones durante el gobierno de ocupación - Implicaciones económicas y sociales de la ocupación - Resistencia armada contra el gobierno militar (1917-1922) - La Unión Nacionalista: diversos mecanismos de lucha contra el régimen de ocupación militar - Conclusiones - Bibliografía general. | |
| 651 | 0 |
_aRepública Dominicana -- _xHistoria -- _yOcupación norteamericana, 1916-1924 _91926 |
|
| 700 | 1 |
_aFranco, Franklin J., _d1936- _epról. _934417 |
|
| 049 | _aBNPD | ||
| 999 |
_c21766 _d21766 |
||